000 00746nam a2200253Ia 4500
003 OSt
005 20220918170005.0
006 a|||||r|||| 00| 0
007 ta
008 220917b |||||||| |||| 00| 0 eng d
020 _a8186569707 (hbk)
_c875
024 _a270,997
037 _b76, 21/06/2013, Eastern Book Linkers
_cTextual
040 _aARTS
_cARTS
_beng
041 _2eng
_aeng
082 _aQ233, P8
100 _aBhatt N. R.
_926624
245 0 _aShaivism in teh light of epics, puranas and agamas
260 _aVaranasi
_bIndica Books India
_c2008
300 _a634p.
_ccm.
650 _aRELIGION
942 _hQ233, P8
_cTEXL
_2CC
999 _c132211
_d132211